NCS Creators With The Most Remixed Songs - Statistics

General Stats
  • This quiz has been taken 10 times
  • The average score is 5 of 8
Answer Stats
Remixed Songs Creator % Correct
2 (Dreamer, No Doubt) Rival
89%
2 (Paralyzed, Stay With Me) Krys Talk
78%
3 (Fly Away, Luna, Paralyzed) Mendum
78%
3 (Ber Zer Ker, Bring Me The Light, Whole) Rob Gasser
78%
2 (Immortality, Seasons) Futuristik
67%
2 (Play This Game, Running Wild) EH!DE
44%
2 (Mortals, Royalty) LXNGVX
44%
3 (BABY, Gone, What I Say) Thorne
44%
No matching quizzes found
Score Distribution
Percent of People with Each Score
Percentile by Number Answered
Your Score History
You have not taken this quiz